First things first : meeting basic human needs in the developing countries

Saved in:
Bibliographic Details
Main Author: Streeten, Paul
Format: Book
Language:English
Published: Oxford : Oxford University Press, c1981
Subjects:
Tags: Add Tag
No Tags, Be the first to tag this record!

MARC

LEADER 00000nam a2200000 i 4500
001 1/63064
008 930922s eng d
020 |a 0-19-520369-0 
035 |a ΛΕΣΒΟΣb10001147  |l 10001147 
040 |a GR-MY-UA  |b gre  |e aacr 
041 0 |a eng 
082 0 |a 338.90091724 
100 1 |a Streeten, Paul. 
245 1 0 |a First things first :  |b meeting basic human needs in the developing countries /  |c Paul Streeten 
260 |a Oxford :   |b Oxford University Press,   |c c1981 
300 |a 206 p. 
504 |a Includes bibliography: p.193. Includes index 
650 0 0 |a Economic assistance. 
651 0 |a Developing countries  |x Economic policy. 
852 |a INST  |b LESVOS  |e 19930922  |h 338.90091724 STR  |p 005100004170  |q 005100004170  |t BK  |y 0 
909 |a Λ  |b 018283